कर्फ्यू : (Record no. 116193)
[ view plain ]
| 000 -LEADER | |
|---|---|
| fixed length control field | 01196nam a22002777a 4500 |
| 003 - CONTROL NUMBER IDENTIFIER | |
| control field | dpl |
| 005 - DATE AND TIME OF LATEST TRANSACTION | |
| control field | 20180906133737.0 |
| 008 - FIXED-LENGTH DATA ELEMENTS--GENERAL INFORMATION | |
| fixed length control field | 180906b xxu||||| |||| 00| 0 eng d |
| 010 ## - LIBRARY OF CONGRESS CONTROL NUMBER | |
| LC control number | A-830470 |
| 020 ## - INTERNATIONAL STANDARD BOOK NUMBER | |
| Terms of availability | 175.00 |
| International Standard Book Number | 8171451047 |
| 035 ## - SYSTEM CONTROL NUMBER | |
| System control number | A-830470, B-056260 |
| 037 ## - SOURCE OF ACQUISITION | |
| Source of stock number/acquisition | Cen Lib/Ret |
| 040 ## - CATALOGING SOURCE | |
| Original cataloging agency | DPL |
| Language of cataloging | HN |
| Transcribing agency | 0 |
| 082 ## - DEWEY DECIMAL CLASSIFICATION NUMBER | |
| Classification number | क |
| Item number | कर्फ्यू |
| 245 ## - TITLE STATEMENT | |
| Title | कर्फ्यू : |
| Statement of responsibility, etc | सम्पादक राबिन शा पुष्प |
| Remainder of title | बिहार की उर्दू कहानियां / |
| 246 ## - VARYING FORM OF TITLE | |
| Title proper/short title | Karfyu : bihar ki urdu kahaniyan |
| Remainder of title | sampadak Rabin Sha Pushp |
| 260 ## - PUBLICATION, DISTRIBUTION, ETC. (IMPRINT) | |
| Place of publication, distribution, etc | दिल्ली |
| Name of publisher, distributor, etc | सन्मार्ग प्रकाशन |
| Date of publication, distribution, etc | 1997 |
| 270 ## - ADDRESS | |
| Address | यु. वी.बंगलो रोड जवाहर नगर |
| City | दिल्ली |
| Postal code | 110007 |
| 300 ## - PHYSICAL DESCRIPTION | |
| Extent | 244पृष्ठ. |
| Dimensions | 20सेमी(सजिल्द) |
| 650 ## - SUBJECT ADDED ENTRY--TOPICAL TERM | |
| Topical term or geographic name as entry element | हिंदी साहित्य |
| 9 (RLIN) | 65277 |
| 650 ## - SUBJECT ADDED ENTRY--TOPICAL TERM | |
| Topical term or geographic name as entry element | हिंदी कहानी |
| 9 (RLIN) | 65278 |
| 650 ## - SUBJECT ADDED ENTRY--TOPICAL TERM | |
| Topical term or geographic name as entry element | Hindi literature |
| 9 (RLIN) | 65279 |
| 650 ## - SUBJECT ADDED ENTRY--TOPICAL TERM | |
| Topical term or geographic name as entry element | Hindi story |
| 9 (RLIN) | 43117 |
| 700 ## - ADDED ENTRY--PERSONAL NAME | |
| Personal name | पुष्प , राबिन शा |
| 9 (RLIN) | 45482 |
| 942 ## - ADDED ENTRY ELEMENTS (KOHA) | |
| Source of classification or shelving scheme | Dewey Decimal Classification |
| Koha item type | Hindi Books |
| Classification part | क |
| Call number suffix | कर्फ्यू |
| Withdrawn status | Lost status | Damaged status | Not for loan | Home library | Current library | Date acquired | Source of acquisition | Cost, normal purchase price | Total Checkouts | Full call number | Barcode | Date last seen | Copy number | Cost, replacement price | Price effective from | Koha item type | Source of classification or shelving scheme | Collection code | Date checked out |
|---|---|---|---|---|---|---|---|---|---|---|---|---|---|---|---|---|---|---|---|
| Central Library | Central Library | 22/08/2015 | Cen Lib /Ret | 175.00 | क कर्फ्यू | A-830470 | 22/08/2015 | 1 | 175.00 | 22/08/2015 | Hindi Books | ||||||||
| Shahdara Branch | Shahdara Branch | 06/09/2018 | BPPD/PUB | 200.00 | 1 | क कर्फ्यू | B-056260 | 09/10/2018 | 200.00 | 06/09/2018 | Hindi Books | Dewey Decimal Classification | Fiction | 24/09/2018 |
